000 00534nam a2200229Ia 4500
003 OSt
005 20220928143146.0
006 a|||||r|||| 00| 0
007 ta
008 220927b |||||||| |||| 00| 0 eng d
024 _a21336
037 _cTextual
040 _aSDCL
_cSDCL
_beng
041 _2eng
_aeng
082 _aB7:3, N6
100 _aPathria R K
_9504814
245 0 _aStatistical mechanics.
250 _a2
260 _c1996
942 _hB7:3, N6
_cTEXL
_2CC
999 _c823379
_d823379